| 000 | 00504nam a2200181Ia 4500 | ||
|---|---|---|---|
| 008 | 180921t2016 xxu||||| |||| 00| 0 sin d | ||
| 041 | _asin | ||
| 080 |
_a8C3 _b(Youth) TWA |
||
| 100 | _aTwain, Mark | ||
| 245 | _aදිලිදු පැලෙන් රජ මැදුරට | ||
| 246 | _aDilidu Palen Raja Madurata | ||
| 260 |
_bSooriya _aColombo _c2016 |
||
| 300 | _a168p, 23cm | ||
| 700 |
_aSudath Senevirathna _etr. |
||
| 942 | _cBK | ||
| 999 |
_c11268 _d11268 |
||
| 003 | LK-CoDNM | ||
| 040 |
_aLK-CoDNM _dLK-CoDNM _eLK-CoDNM |
||